[Event "Europa ch 2014"]
[Site "Yerevan ARM"]
[Date "2014.03.10"]
[Round "7.65"]
[White "Nadanian, Ashot"]
[Black "Kuljasevic, Davorin"]
[Result "1/2-1/2"]
[WhiteElo "2399"]
[BlackElo "2567"]
[PlyCount "98"]
[EventDate "2014.03.03"]
[EventType "swiss"]
[EventRounds "11"]
[EventCountry "ARM"]
[Source "lmi"]
[SourceDate "2014.03.02"]

1. d4 Nf6 2. c4 e6 3. Nc3 Bb4 4. f3 d5 5. a3 Bxc3+ 6. bxc3 c5 7. cxd5 exd5 8.
e3 O-O 9. Bd3 b6 10. Ne2 Ba6 11. Bxa6 Nxa6 12. Qd3 Nc7 13. O-O Re8 14. Ng3 Qd7
15. a4 Ne6 16. Bb2 cxd4 17. cxd4 Rac8 18. a5 b5 19. Rad1 Qc7 20. Rd2 Qxa5 21.
e4 g6 22. e5 Nf4 23. Qe3 N6h5 24. Ne4 dxe4 25. fxe4 Qd8 26. Rxf4 Nxf4 27. Qxf4
Rc4 28. d5 Qc7 29. h4 b4 30. h5 Rc3 31. d6 Qd7 32. Bxc3 bxc3 33. Rc2 Qa4 34.
Rf2 Qc4 35. d7 Rf8 36. h6 c2 37. Rf1 f5 38. exf6 Qd4+ 39. Kh2 Qxd7 40. e5 Qe6
41. Qd4 Rc8 42. Rc1 Re8 43. Rxc2 Qxe5+ 44. Qxe5 Rxe5 45. Rc8+ Kf7 46. Rc7+ Kxf6
47. Rxh7 Rh5+ 48. Kg3 Kg5 49. Rxa7 Kxh6 1/2-1/2

[Event "Europa ch 2014"]
[Site "Yerevan ARM"]
[Date "2014.03.10"]
[Round "7.66"]
[White "Yilmaz, Mustafa"]
[Black "Harutyunian, Tigran K"]
[Result "1/2-1/2"]
[WhiteElo "2557"]
[BlackElo "2422"]
[PlyCount "158"]
[EventDate "2014.03.03"]
[EventType "swiss"]
[EventRounds "11"]
[EventCountry "ARM"]
[Source "lmi"]
[SourceDate "2014.03.02"]

1. d4 d5 2. c4 e6 3. Nf3 Nf6 4. g3 dxc4 5. Bg2 Nc6 6. Qa4 Bb4+ 7. Bd2 Nd5 8.
Bxb4 Ndxb4 9. O-O Rb8 10. Nc3 a6 11. Ne5 O-O 12. Nxc6 Nxc6 13. Bxc6 bxc6 14.
Qxc4 Qd6 15. b3 Rb4 16. Ne4 Qxd4 17. Qxd4 Rxd4 18. f3 e5 19. Rfc1 f5 20. Nc5
Rf6 21. Rc3 g5 22. Re3 Rd5 23. Rc1 Kg7 24. Nd3 Re6 25. f4 e4 26. Ne5 Bb7 27.
Rec3 Rd2 28. R3c2 Rxc2 29. Rxc2 gxf4 30. gxf4 Rd6 31. Kf2 Kf8 32. Rc3 Rh6 33.
h3 Rd6 34. Kg1 Rh6 35. Kf2 Rd6 36. Rc4 Ke7 37. Rb4 Bc8 38. Rb8 Be6 39. Rb7 Kd8
40. Rb8+ Ke7 41. Rh8 Rd2 42. Nxc6+ Kf6 43. Rxh7 Bg8 44. Rh6+ Kg7 45. Rh5 Kf6
46. Ke3 Rxa2 47. Nd4 Ra5 48. Rh6+ Kg7 49. Rc6 Bf7 50. Rxc7 Kf6 51. h4 Bh5 52.
Rc6+ Kf7 53. Kd2 Bg4 54. b4 Ra3 55. Rc7+ Kg6 56. Nc2 Rb3 57. Ra7 Kh5 58. Rh7+
Kg6 59. Rh8 Rb2 60. Kc3 Rb1 61. Nd4 Rc1+ 62. Kd2 Rb1 63. Rb8 Kh5 64. Kc2 Re1
65. Rh8+ Kg6 66. Kd2 Rb1 67. Rg8+ Kh5 68. Nxf5 Bxf5 69. Rg5+ Kxh4 70. Rxf5 Kg4
71. Rf6 Rb3 72. Rf8 e3+ 73. Kc2 Rxb4 74. f5 Kg5 75. Kd3 Rf4 76. Kxe3 Rxf5 77.
Ra8 Re5+ 78. Kf3 Re6 79. e4 Kf6 1/2-1/2

[Event "Europa ch 2014"]
[Site "Yerevan ARM"]
[Date "2014.03.10"]
[Round "7.67"]
[White "Kovalev, Vladislav"]
[Black "Bagaturov, Giorgi"]
[Result "1-0"]
[WhiteElo "2548"]
[BlackElo "2408"]
[PlyCount "42"]
[EventDate "2014.03.03"]
[EventType "swiss"]
[EventRounds "11"]
[EventCountry "ARM"]
[Source "lmi"]
[SourceDate "2014.03.02"]

1. e4 d6 2. d4 Nf6 3. Nc3 e5 4. Nf3 Nbd7 5. Bc4 Be7 6. O-O O-O 7. a4 a5 8. Re1
c6 9. h3 Nb6 10. Bb3 Nfd7 11. Be3 Qc7 12. Qe2 exd4 13. Nxd4 Nc5 14. Rad1 Nxb3
15. cxb3 Nd7 16. Qg4 Nc5 17. Qg3 Kh8 18. f4 Ne6 19. Nf5 Bf6 20. Qf2 d5 21. Nd4
dxe4 1-0

[Event "Europa ch 2014"]
[Site "Yerevan ARM"]
[Date "2014.03.10"]
[Round "7.68"]
[White "Dzagnidze, Nana"]
[Black "Schachinger, Mario"]
[Result "1-0"]
[WhiteElo "2546"]
[BlackElo "2398"]
[PlyCount "83"]
[EventDate "2014.03.03"]
[EventType "swiss"]
[EventRounds "11"]
[EventCountry "ARM"]
[Source "lmi"]
[SourceDate "2014.03.02"]

1. c4 Nf6 2. Nc3 e5 3. g3 d5 4. cxd5 Nxd5 5. Bg2 Nb6 6. Nf3 Nc6 7. O-O Be7 8.
d3 O-O 9. a3 Be6 10. b4 f6 11. Bb2 Qd7 12. Rc1 a5 13. b5 Nd4 14. Nxd4 exd4 15.
Nb1 Qxb5 16. Bxd4 c5 17. Nc3 Qd7 18. Be3 Rfc8 19. Rb1 Nd5 20. Nxd5 Bxd5 21.
Bxd5+ Qxd5 22. Rb5 a4 23. Qb1 Qe6 24. Rxb7 c4 25. Qa2 Bf8 26. Rc1 Rc6 27. dxc4
Rac8 28. Rb2 Bc5 29. Bxc5 Rxc5 30. Rb4 Rh5 31. e3 Qh3 32. f4 Qe6 33. Qd2 Rhc5
34. Rxa4 h5 35. Rb4 h4 36. gxh4 R5c7 37. Qe2 Rd7 38. c5 Rcd8 39. c6 Rd2 40. c7
Rxe2 41. cxd8=Q+ Kh7 42. Qd3+ 1-0

[Event "Europa ch 2014"]
[Site "Yerevan ARM"]
[Date "2014.03.10"]
[Round "7.69"]
[White "Arabidze, Meri"]
[Black "Gabuzyan, Hovhannes"]
[Result "1/2-1/2"]
[WhiteElo "2388"]
[BlackElo "2537"]
[PlyCount "87"]
[EventDate "2014.03.03"]
[EventType "swiss"]
[EventRounds "11"]
[EventCountry "ARM"]
[Source "lmi"]
[SourceDate "2014.03.02"]

1. d4 Nf6 2. c4 g6 3. Nc3 Bg7 4. e4 O-O 5. Nf3 d6 6. Be2 Bg4 7. Be3 Nbd7 8. O-O
e5 9. dxe5 dxe5 10. h3 Bxf3 11. Bxf3 c6 12. c5 Qe7 13. b4 a5 14. a3 Rfd8 15.
Qb3 Nf8 16. Na4 axb4 17. axb4 Ne6 18. Nb6 Rxa1 19. Rxa1 Nd4 20. Bxd4 exd4 21.
Qd3 h5 22. Ra7 Nd7 23. Nxd7 Rxd7 24. Ra8+ Kh7 25. g3 h4 26. Bg4 Rd8 27. Rxd8
Qxd8 28. f4 hxg3 29. Kg2 Qa8 30. e5 Qa1 31. Qxg3 Bh6 32. f5 Qa2+ 33. Qf2 Qd5+
34. Qf3 Qxe5 35. fxg6+ Kxg6 36. Bc8 Be3 37. Bxb7 d3 38. Bxc6 Qb2+ 39. Kg3 Qe5+
40. Kg2 f5 41. Qg3+ Qxg3+ 42. Kxg3 Bd2 43. Bb5 Bxb4 44. Bxd3 1/2-1/2

[Event "Europa ch 2014"]
[Site "Yerevan ARM"]
[Date "2014.03.10"]
[Round "7.70"]
[White "Can, Emre"]
[Black "Charochkina, Daria"]
[Result "1-0"]
[WhiteElo "2524"]
[BlackElo "2374"]
[PlyCount "73"]
[EventDate "2014.03.03"]
[EventType "swiss"]
[EventRounds "11"]
[EventCountry "ARM"]
[Source "lmi"]
[SourceDate "2014.03.02"]

1. d4 Nf6 2. c4 g6 3. Nc3 d5 4. cxd5 Nxd5 5. e4 Nxc3 6. bxc3 Bg7 7. Bc4 c5 8.
Ne2 O-O 9. Be3 Nc6 10. Rc1 Qc7 11. O-O Rd8 12. Qd2 Na5 13. Bd3 a6 14. Bh6 Bh8
15. f4 f5 16. Qe3 Qd6 17. e5 Qe6 18. g4 Nc4 19. Qf2 Nb2 20. Bc2 c4 21. Qh4 Bd7
22. Ng3 Nd3 23. Rcd1 Qf7 24. gxf5 Bxf5 25. Nxf5 Qxf5 26. Qxe7 Qg4+ 27. Kh1 Rd7
28. Qg5 Qe2 29. Bxd3 cxd3 30. f5 Bg7 31. Bxg7 Rxg7 32. f6 h6 33. Qg3 Rf7 34.
Qxg6+ Kh8 35. Rde1 Qxa2 36. e6 Qd5+ 37. Qe4 1-0

[Event "Europa ch 2014"]
[Site "Yerevan ARM"]
[Date "2014.03.10"]
[Round "7.71"]
[White "Neverov, Valeriy"]
[Black "Hayrapetian, Arman"]
[Result "1-0"]
[WhiteElo "2508"]
[BlackElo "2367"]
[PlyCount "139"]
[EventDate "2014.03.03"]
[EventType "swiss"]
[EventRounds "11"]
[EventCountry "ARM"]
[Source "lmi"]
[SourceDate "2014.03.02"]

1. d4 Nf6 2. c4 d6 3. Nf3 g6 4. g3 Bg7 5. Bg2 O-O 6. O-O Nbd7 7. Qc2 e5 8. Rd1
Re8 9. Nc3 c6 10. e4 Qe7 11. d5 a5 12. Nd2 h5 13. Rb1 h4 14. a3 Nf8 15. b4 axb4
16. axb4 N8h7 17. Nf1 cxd5 18. Nxd5 Nxd5 19. Rxd5 Be6 20. Rd3 h3 21. Bh1 Rac8
22. Ne3 b5 23. Rc3 bxc4 24. b5 Nf6 25. b6 Rc6 26. Nxc4 Rb8 27. Na5 Rcxb6 28.
Nc6 Qb7 29. Rxb6 Qxb6 30. Nxb8 Qxb8 31. Ba3 Bf8 32. Qd1 Bg4 33. Qe1 Qa8 34. Qb1
Qa5 35. Qb4 Qa6 36. Bf3 Bxf3 37. Rxf3 Qe2 38. Re3 Qc2 39. Re1 Ng4 40. Qb2 Qd3
41. Qe2 Qc3 42. Rd1 Nf6 43. Bc1 Qb3 44. Re1 d5 45. exd5 Qxd5 46. Qf1 Ng4 47.
Be3 Nxe3 48. Rxe3 Bc5 49. Rd3 Bd4 50. g4 Qe4 51. Rg3 Qf4 52. g5 Kg7 53. Rxh3
Qxg5+ 54. Rg3 Qf4 55. Qe2 Qf5 56. Kg2 Qf4 57. h3 Qf5 58. Rf3 Qg5+ 59. Kf1 Qc1+
60. Kg2 Qg5+ 61. Kh2 Qh4 62. Qc4 Qe7 63. Qd5 Qc7 64. Kg2 Qe7 65. h4 Qe8 66. h5
gxh5 67. Rg3+ Kh6 68. Qd6+ Kh7 69. Qf6 Qa8+ 70. Kh2 1-0

[Event "Europa ch 2014"]
[Site "Yerevan ARM"]
[Date "2014.03.10"]
[Round "7.72"]
[White "Zoler, Dan"]
[Black "Chighladze, Iveri"]
[Result "1/2-1/2"]
[WhiteElo "2504"]
[BlackElo "2365"]
[PlyCount "88"]
[EventDate "2014.03.03"]
[EventType "swiss"]
[EventRounds "11"]
[EventCountry "ARM"]
[Source "lmi"]
[SourceDate "2014.03.02"]

1. d4 d5 2. c4 e6 3. Nc3 Nf6 4. cxd5 exd5 5. Bg5 c6 6. e3 Be7 7. Bd3 O-O 8. Qc2
Nbd7 9. Nge2 Re8 10. O-O Nf8 11. f3 Nh5 12. Bxe7 Rxe7 13. e4 g6 14. e5 f5 15.
f4 b6 16. b4 Bb7 17. Qd2 Ng7 18. Rac1 Nfe6 19. Rfd1 Rc8 20. a4 Kh8 21. Bb1 Rd7
22. Ba2 Nh5 23. Qe3 Qe7 24. Rb1 Rg8 25. Qf3 Rgd8 26. g3 Qf7 27. h4 h6 28. Kf2
Kg7 29. Rh1 Qe7 30. Qe3 Rh8 31. Rb2 Kh7 32. Rd1 Nc7 33. b5 c5 34. a5 c4 35.
axb6 axb6 36. Na4 Qe6 37. Bb1 Ra8 38. Bc2 Bc8 39. Nec3 Re7 40. Qf3 Bd7 41. Rdb1
Ra5 42. Qd1 Re8 43. Qd2 Rea8 44. Rb4 Kg8 1/2-1/2

[Event "Europa ch 2014"]
[Site "Yerevan ARM"]
[Date "2014.03.10"]
[Round "7.73"]
[White "Ali Marandi, Cemil Can"]
[Black "Stupak, Kirill"]
[Result "0-1"]
[WhiteElo "2380"]
[BlackElo "2498"]
[PlyCount "94"]
[EventDate "2014.03.03"]
[EventType "swiss"]
[EventRounds "11"]
[EventCountry "ARM"]
[Source "lmi"]
[SourceDate "2014.03.02"]

1. e4 c6 2. d4 d5 3. e5 Bf5 4. Nf3 e6 5. Be2 Ne7 6. O-O Nd7 7. Nbd2 h6 8. Nb3
Bh7 9. Bd2 Nc8 10. a4 Be7 11. a5 a6 12. c4 dxc4 13. Bxc4 Na7 14. Ne1 O-O 15.
Nc2 c5 16. Nxc5 Nxc5 17. dxc5 Bxc5 18. b4 Be7 19. Bb3 Qd3 20. Ne1 Qb5 21. Bc3
Rfd8 22. Qg4 Rac8 23. Ba4 Qc4 24. Qxc4 Rxc4 25. Bb2 Rxb4 26. Ba3 Rxa4 27. Bxe7
Rxa1 28. Bxd8 Nc6 29. Bb6 Nxa5 30. Nf3 Rxf1+ 31. Kxf1 Nc4 32. Bd4 Be4 33. Ne1
b5 34. f3 Bh7 35. Ke2 g5 36. g3 b4 37. Nd3 Bxd3+ 38. Kxd3 Na5 39. Bb2 Kg7 40.
Kd4 Nb3+ 41. Kc4 Nd2+ 42. Kxb4 Nxf3 43. h3 Ng1 44. Ka5 Nxh3 45. Kxa6 Kg6 46.
Kb5 Kf5 47. Kc6 Nf2 0-1

[Event "Europa ch 2014"]
[Site "Yerevan ARM"]
[Date "2014.03.10"]
[Round "7.74"]
[White "Sargissyan, Sargis"]
[Black "Raznikov, Danny"]
[Result "0-1"]
[WhiteElo "2242"]
[BlackElo "2490"]
[PlyCount "58"]
[EventDate "2014.03.03"]
[EventType "swiss"]
[EventRounds "11"]
[EventCountry "ARM"]
[Source "lmi"]
[SourceDate "2014.03.02"]

1. e4 e5 2. Nf3 Nc6 3. Nc3 Nf6 4. d4 Bb4 5. d5 Nb8 6. Nxe5 Qe7 7. Bf4 g5 8.
Bxg5 Qxe5 9. Bxf6 Qxf6 10. Qd3 Na6 11. O-O-O Nc5 12. Qe3 Bxc3 13. bxc3 d6 14.
f4 Bd7 15. e5 Qe7 16. Bc4 O-O-O 17. Rhe1 Bg4 18. Rd2 h5 19. Qd4 Kb8 20. h3 Bf5
21. Rde2 h4 22. Bd3 Nxd3+ 23. cxd3 dxe5 24. fxe5 Qa3+ 25. Kb1 Rhg8 26. Rf1 Bg6
27. Rb2 Qa6 28. c4 c5 29. Qc3 Rxd5 0-1

[Event "Europa ch 2014"]
[Site "Yerevan ARM"]
[Date "2014.03.10"]
[Round "7.76"]
[White "Kursova, Maria"]
[Black "Jurcik, Marian"]
[Result "0-1"]
[WhiteElo "2326"]
[BlackElo "2481"]
[PlyCount "72"]
[EventDate "2014.03.03"]
[EventType "swiss"]
[EventRounds "11"]
[EventCountry "ARM"]
[Source "lmi"]
[SourceDate "2014.03.02"]

1. d4 Nf6 2. Nf3 b6 3. g3 Bb7 4. Bg2 c5 5. dxc5 bxc5 6. c4 g6 7. O-O Bg7 8. Nc3
O-O 9. Bf4 d6 10. Qd2 Re8 11. Rfe1 Nbd7 12. e4 Ng4 13. Nd5 Nge5 14. Nxe5 Nxe5
15. b3 a5 16. Rab1 Nc6 17. Bg5 Nd4 18. h4 Ne6 19. Be3 Nd4 20. Bg5 Ne6 21. Be3
Bd4 22. h5 Bxe3 23. Rxe3 Nd4 24. e5 dxe5 25. Rxe5 e6 26. Rbe1 Bc6 27. hxg6 hxg6
28. Qh6 exd5 29. Rxe8+ Bxe8 30. Bxd5 Ra6 31. Qh4 Rd6 32. Qf4 Ne6 33. Qe4 Qf6
34. Kg2 Bc6 35. Rh1 Bxd5 36. cxd5 Qd4 0-1

[Event "Europa ch 2014"]
[Site "Yerevan ARM"]
[Date "2014.03.10"]
[Round "7.78"]
[White "Sargsyan, Shant"]
[Black "Danielian, Elina"]
[Result "1-0"]
[WhiteElo "2027"]
[BlackElo "2467"]
[PlyCount "103"]
[EventDate "2014.03.03"]
[EventType "swiss"]
[EventRounds "11"]
[EventCountry "ARM"]
[Source "lmi"]
[SourceDate "2014.03.02"]

1. d4 Nf6 2. c4 e6 3. Nf3 c5 4. d5 exd5 5. cxd5 g6 6. Nc3 Bg7 7. e4 d6 8. h3
O-O 9. Bd3 Na6 10. O-O Nc7 11. Re1 a6 12. a4 Rb8 13. a5 Re8 14. Bf4 b5 15. axb6
Rxb6 16. Qd2 Rb4 17. Bh2 Nb5 18. Qc2 Nh5 19. Bxb5 axb5 20. e5 Nf4 21. Bxf4 Rxf4
22. exd6 Rxe1+ 23. Rxe1 Bd7 24. Ne4 Bf5 25. Nfd2 Bd4 26. Nf3 Rxf3 27. gxf3 Qh4
28. Qd2 Bxh3 29. Ra1 Bf5 30. Qg5 Bxf2+ 31. Kg2 Qxg5+ 32. Nxg5 Be3 33. Ne4 Bd4
34. Ra7 c4 35. d7 Bxd7 36. Rxd7 Bxb2 37. d6 f5 38. Nf2 b4 39. Rb7 b3 40. d7 Bf6
41. Rb8+ Kf7 42. d8=Q Bxd8 43. Rxd8 Ke7 44. Rc8 b2 45. Rb8 c3 46. Nd3 Kf6 47.
Nxb2 cxb2 48. Rxb2 Kg5 49. Kg3 f4+ 50. Kh3 Kh5 51. Rb5+ g5 52. Rb6 1-0

[Event "Europa ch 2014"]
[Site "Yerevan ARM"]
[Date "2014.03.10"]
[Round "7.79"]
[White "Givon, Asaf"]
[Black "Khachatryan, Vahagn"]
[Result "1-0"]
[WhiteElo "2449"]
[BlackElo "2278"]
[PlyCount "97"]
[EventDate "2014.03.03"]
[EventType "swiss"]
[EventRounds "11"]
[EventCountry "ARM"]
[Source "lmi"]
[SourceDate "2014.03.02"]

1. e4 Nf6 2. e5 Nd5 3. d4 d6 4. Nf3 Bg4 5. Be2 c6 6. O-O Bxf3 7. Bxf3 dxe5 8.
dxe5 e6 9. Nd2 Nd7 10. Re1 Be7 11. g3 O-O 12. Bg2 Qc7 13. Qe2 Rfd8 14. Nf3 h6
15. h4 a5 16. h5 a4 17. a3 b5 18. g4 Nf8 19. g5 hxg5 20. Nxg5 Rd7 21. Qg4 Nh7
22. Nh3 Kh8 23. Kh1 Rg8 24. f4 g6 25. hxg6 Rxg6 26. Qh5 Rg7 27. f5 exf5 28.
Qxf5 Rd8 29. Bh6 Rg6 30. Qh5 Bf8 31. Bxf8 Rxf8 32. Be4 Rg7 33. Rg1 f5 34. Bxf5
Qxe5 35. Rxg7 Qxg7 36. Rg1 Qf7 37. Qh6 Ndf6 38. Nf4 Rg8 39. Ng6+ Rxg6 40. Qxg6
Qd5+ 41. Rg2 Qd1+ 42. Kh2 Qd6+ 43. Kh3 Qf8 44. Be6 c5 45. c3 b4 46. cxb4 cxb4
47. axb4 a3 48. bxa3 Ng4 49. Kxg4 1-0

[Event "Europa ch 2014"]
[Site "Yerevan ARM"]
[Date "2014.03.10"]
[Round "7.80"]
[White "Shahinyan, David"]
[Black "Mastrovasilis, Athanasios"]
[Result "0-1"]
[WhiteElo "2356"]
[BlackElo "2554"]
[PlyCount "108"]
[EventDate "2014.03.03"]
[EventType "swiss"]
[EventRounds "11"]
[EventCountry "ARM"]
[Source "lmi"]
[SourceDate "2014.03.02"]

1. e4 c5 2. Nc3 Nc6 3. g3 g6 4. Bg2 Bg7 5. d3 d6 6. Be3 Qd7 7. Qd2 b6 8. Nge2
Nd4 9. O-O Bb7 10. Nd1 d5 11. Bxd4 cxd4 12. f4 dxe4 13. dxe4 e5 14. fxe5 Bxe5
15. Nf2 Ne7 16. Qh6 f5 17. Nd3 Bc7 18. Rae1 O-O-O 19. Nef4 fxe4 20. Bxe4 Bxe4
21. Rxe4 Nf5 22. Qg5 Rhe8 23. Rfe1 Ne3 24. Rxe8 Rxe8 25. Re2 Qc6 26. Qh4 Kb8
27. Qxh7 Rf8 28. Qg7 Rf6 29. Nb4 Qf3 30. Na6+ Kb7 31. Qxc7+ Kxa6 32. Qc8+ Ka5
33. b4+ Kxb4 34. Rxe3 Qxe3+ 35. Kg2 Qe4+ 36. Kg1 Rc6 37. Qf8+ Kc3 38. Nd3 Kxc2
39. Nb4+ Kb1 40. Nxc6 Qxc6 41. Qb4+ Kxa2 42. Qd2+ Kb1 43. Qd3+ Qc2 44. Qb5+ Kc1
45. Qg5+ Qd2 46. Qxg6 d3 47. h4 Qe3+ 48. Kg2 d2 49. Qc6+ Kb2 50. Qb5+ Ka3 51.
Qa6+ Kb4 52. Qf1 Qe1 53. Qf4+ Ka5 54. Qf5+ b5 0-1

[Event "Europa ch 2014"]
[Site "Yerevan ARM"]
[Date "2014.03.10"]
[Round "7.81"]
[White "Halkias, Stelios"]
[Black "Pavlidis, Anastasios"]
[Result "1-0"]
[WhiteElo "2551"]
[BlackElo "2340"]
[PlyCount "80"]
[EventDate "2014.03.03"]
[EventType "swiss"]
[EventRounds "11"]
[EventCountry "ARM"]
[Source "lmi"]
[SourceDate "2014.03.02"]

1. e4 g6 2. d4 Bg7 3. Nf3 d6 4. Nc3 Nf6 5. g3 O-O 6. Bg2 Nbd7 7. O-O e5 8. h3
exd4 9. Nxd4 Re8 10. Re1 Nc5 11. a4 a5 12. Ndb5 Bd7 13. Nd4 h6 14. g4 Re7 15.
g5 hxg5 16. Bxg5 Re5 17. f4 Rxg5 18. fxg5 Nh5 19. Nf3 Nf4 20. Qd2 Nxh3+ 21.
Bxh3 Bxh3 22. Qf4 Nd7 23. Rad1 Ne5 24. Nxe5 Bxe5 25. Qh4 Be6 26. Nd5 Bxd5 27.
exd5 Qf8 28. c3 Qg7 29. Kg2 Qh7 30. Qxh7+ Kxh7 31. Re4 Ra6 32. Rc4 c5 33. Kf3
Ra8 34. Rh1+ Kg8 35. Ke3 b6 36. Re4 Rb8 37. Kd3 b5 38. axb5 Rxb5 39. Kc2 c4 40.
Rxc4 f5 1-0

[Event "Europa ch 2014"]
[Site "Yerevan ARM"]
[Date "2014.03.10"]
[Round "7.82"]
[White "Salomon, Johan"]
[Black "Aleksandrov, Aleksej"]
[Result "0-1"]
[WhiteElo "2340"]
[BlackElo "2544"]
[PlyCount "104"]
[EventDate "2014.03.03"]
[EventType "swiss"]
[EventRounds "11"]
[EventCountry "ARM"]
[Source "lmi"]
[SourceDate "2014.03.02"]

1. c4 e6 2. g3 d5 3. Bg2 g6 4. d4 Bg7 5. Nf3 Nc6 6. O-O Nge7 7. Nc3 O-O 8. cxd5
exd5 9. Bf4 Be6 10. Qd2 Nf5 11. e3 h6 12. h4 Nd6 13. Bxd6 Qxd6 14. Ne1 Ne7 15.
Nd3 c6 16. b4 Bf5 17. b5 g5 18. hxg5 hxg5 19. bxc6 bxc6 20. Rac1 Rfe8 21. Na4
Bf6 22. Qb4 Qb8 23. Rfd1 Kg7 24. Qxb8 Raxb8 25. Ndc5 Rb4 26. Bf3 Rh8 27. Rc3 g4
28. Be2 Rxa4 29. Nxa4 Be4 30. f3 gxf3 31. Bd3 Nf5 32. Bxe4 dxe4 33. Nc5 Nxg3
34. Kf2 Ne2 35. Nxe4 Nxc3 36. Rg1+ Kf8 37. Nxf6 Ke7 38. Ng8+ Ke6 39. Kxf3 Rh3+
40. Kf2 Rh2+ 41. Kf3 Rh3+ 42. Kf2 Rh2+ 43. Kf3 Rxa2 44. Rg5 Rf2+ 45. Kxf2 Ne4+
46. Ke2 Nxg5 47. Kd3 f5 48. Kc4 Ne4 49. Kb4 Nf2 50. Kc5 Ng4 51. Kxc6 Kf7 52.
Nh6+ Nxh6 0-1

[Event "Europa ch 2014"]
[Site "Yerevan ARM"]
[Date "2014.03.10"]
[Round "7.83"]
[White "Popilski, Gil"]
[Black "Musalov, Ruslan"]
[Result "0-1"]
[WhiteElo "2503"]
[BlackElo "2340"]
[PlyCount "50"]
[EventDate "2014.03.03"]
[EventType "swiss"]
[EventRounds "11"]
[EventCountry "ARM"]
[Source "lmi"]
[SourceDate "2014.03.02"]

1. d4 d5 2. c4 e6 3. Nc3 Nf6 4. Bg5 Be7 5. e3 O-O 6. Qc2 b6 7. cxd5 Nxd5 8.
Bxe7 Qxe7 9. Nxd5 exd5 10. Rc1 c5 11. Nf3 c4 12. Be2 Nc6 13. O-O b5 14. b3 Bd7
15. bxc4 bxc4 16. Rb1 Rfb8 17. Qc3 Bf5 18. Rxb8+ Rxb8 19. Ne5 Nxe5 20. dxe5 Qb4
21. Qd4 c3 22. Qxd5 c2 23. Bd3 Bxd3 24. Qxd3 Qb1 25. Qd2 h5 0-1

[Event "Europa ch 2014"]
[Site "Yerevan ARM"]
[Date "2014.03.10"]
[Round "7.84"]
[White "Mkrtchian, Lilit"]
[Black "Ramazian, Arshak"]
[Result "1/2-1/2"]
[WhiteElo "2465"]
[BlackElo "2336"]
[PlyCount "58"]
[EventDate "2014.03.03"]
[EventType "swiss"]
[EventRounds "11"]
[EventCountry "ARM"]
[Source "lmi"]
[SourceDate "2014.03.02"]

1. c4 c6 2. d4 d5 3. Nf3 Nf6 4. e3 e6 5. b3 Nbd7 6. Bb2 Bd6 7. Bd3 O-O 8. Nbd2
b6 9. O-O Bb7 10. e4 dxe4 11. Nxe4 Nxe4 12. Bxe4 Nf6 13. Qc2 Nxe4 14. Qxe4 Qf6
15. Ne5 Bxe5 16. dxe5 Qg6 17. Qxg6 hxg6 18. Rfd1 Rfd8 19. f4 c5 20. Kf2 Kf8 21.
Rd6 Ke8 22. g4 Rd7 23. g5 Rad8 24. Rad1 Ke7 25. Ke3 Bc6 26. Rg1 Bb7 27. Rgd1
Bc6 28. Rg1 Bb7 29. Rgd1 Bc6 1/2-1/2

[Event "Europa ch 2014"]
[Site "Yerevan ARM"]
[Date "2014.03.10"]
[Round "7.85"]
[White "Hayrapetyan, Hovik"]
[Black "Morchiashvili, Bachana"]
[Result "0-1"]
[WhiteElo "2458"]
[BlackElo "2335"]
[PlyCount "120"]
[EventDate "2014.03.03"]
[EventType "swiss"]
[EventRounds "11"]
[EventCountry "ARM"]
[Source "lmi"]
[SourceDate "2014.03.02"]

1. d4 Nf6 2. c4 g6 3. Nc3 Bg7 4. Nf3 O-O 5. Bg5 c5 6. d5 d6 7. e3 h6 8. Bh4 g5
9. Bg3 Nh5 10. Qc2 f5 11. Bd3 e5 12. dxe6 Bxe6 13. O-O-O Nc6 14. Be2 f4 15.
exf4 Nxf4 16. a3 Bf5 17. Bd3 Nxd3+ 18. Rxd3 Nd4 19. Nxd4 cxd4 20. Nb5 Be5 21.
Qb3 Qf6 22. Rhd1 Bxd3 23. Qxd3 Rfc8 24. Kb1 Rc6 25. Nxd4 Bxd4 26. Qxd4 Qxd4 27.
Rxd4 Rac8 28. Ka2 Kf7 29. Kb3 Ke6 30. h4 a5 31. hxg5 hxg5 32. a4 Rb6+ 33. Ka3
Rc5 34. Re4+ Kd7 35. f4 Rbc6 36. Kb3 Rb6+ 37. Ka3 Rbc6 38. Kb3 Rf5 39. fxg5
Rxg5 40. Be1 Rb6+ 41. Ka3 Rxg2 42. Bc3 Ra6 43. Rh4 Ra8 44. Rh5 b6 45. Rb5 Kc6
46. Bd4 Rg3+ 47. Ka2 Rb8 48. b3 Rg4 49. Be3 Re4 50. Bg1 Re1 51. Rg5 Rf8 52. Rg2
Rf3 53. Bd4 Rd1 54. Bg1 Rdd3 55. Rb2 Rh3 56. Bf2 Rhf3 57. Bg1 Rf1 58. Bf2 Rfd1
59. Rc2 Rh3 60. Kb2 Rdd3 0-1

[Event "Europa ch 2014"]
[Site "Yerevan ARM"]
[Date "2014.03.10"]
[Round "7.86"]
[White "Schreiner, Peter"]
[Black "Rozhko, Dmitry"]
[Result "1/2-1/2"]
[WhiteElo "2455"]
[BlackElo "2335"]
[PlyCount "145"]
[EventDate "2014.03.03"]
[EventType "swiss"]
[EventRounds "11"]
[EventCountry "ARM"]
[Source "lmi"]
[SourceDate "2014.03.02"]

1. d4 d5 2. c4 c6 3. Nf3 Nf6 4. Nc3 Qb6 5. e3 Bg4 6. h3 Bxf3 7. Qxf3 e6 8. Bd3
Nbd7 9. O-O Be7 10. b3 O-O 11. Rd1 Qa5 12. Bd2 Bb4 13. Rdc1 e5 14. a3 e4 15.
Qd1 Bxc3 16. Bxc3 Qb6 17. Bf1 Rfc8 18. c5 Qd8 19. b4 b5 20. cxb6 axb6 21. a4
Ne8 22. Qb3 Nd6 23. b5 Nf6 24. Bb4 cxb5 25. Rxc8 Rxc8 26. Bxd6 Qxd6 27. Qxb5 h5
28. Qa6 Qe6 29. Rb1 Rc6 30. Qb7 g6 31. Qb8+ Kg7 32. Bb5 Rc2 33. Qe5 Qxe5 34.
dxe5 Ng8 35. Ba6 Ra2 36. Rxb6 Rxa4 37. e6 f5 38. Bc8 Ne7 39. Bd7 Ra8 40. h4 Kf6
41. Kh2 Ke5 42. Rb7 Rd8 43. g3 Ra8 44. Kg2 Kf6 45. Kf1 Ra4 46. Kg2 Ra8 47. Rb1
Ke5 48. Rb2 Rg8 49. Ra2 Rb8 50. Kf1 Rb4 51. Ra8 d4 52. exd4+ Rxd4 53. Re8 Kd6
54. Rb8 Rc4 55. Rb6+ Ke5 56. Rb5+ Kf6 57. Rb2 Rc3 58. Rb8 Ke5 59. Re8 Kd6 60.
Rf8 Rc2 61. Rf7 Rb2 62. Rg7 Rb8 63. Ke2 Rg8 64. Rf7 Nd5 65. Rh7 Rb8 66. Rf7 Ra8
67. Kf1 Ra7 68. Ke2 Ra2+ 69. Ke1 Nb4 70. Bc8 Rc2 71. Rd7+ Kxe6 72. Rb7+ Rxc8
73. Rxb4 1/2-1/2

[Event "Europa ch 2014"]
[Site "Yerevan ARM"]
[Date "2014.03.10"]
[Round "7.87"]
[White "Alaverdyan, Gevorg"]
[Black "Grishchenko, Sergey1"]
[Result "0-1"]
[WhiteElo "2311"]
[BlackElo "2431"]
[PlyCount "118"]
[EventDate "2014.03.03"]
[EventType "swiss"]
[EventRounds "11"]
[EventCountry "ARM"]
[Source "lmi"]
[SourceDate "2014.03.02"]

1. e4 c6 2. d4 d5 3. e5 c5 4. dxc5 e6 5. Qg4 Ne7 6. Nf3 Nd7 7. Bb5 Nc6 8. Be3
g6 9. c4 Nxc5 10. O-O a6 11. Bxc6+ bxc6 12. Nbd2 Nd7 13. Bg5 Qb6 14. Qf4 h6 15.
Bf6 g5 16. Bxg5 hxg5 17. Nxg5 Nxe5 18. Qxe5 Rh6 19. Ngf3 f6 20. Qc3 Bb4 21. Qd3
Bd6 22. Rfe1 Kf7 23. b3 Bb7 24. Rac1 Rah8 25. g3 Qd8 26. Nf1 e5 27. Qe2 Qd7 28.
Red1 e4 29. N3d2 f5 30. cxd5 cxd5 31. b4 f4 32. a3 Qf5 33. Nc4 dxc4 34. Qxc4+
Ke7 35. Qc3 Qe5 36. Qxe5+ Bxe5 37. b5 fxg3 38. fxg3 Bb8 39. bxa6 Ba7+ 40. Kg2
Bc6 41. h4 e3+ 42. Kh3 e2 43. Re1 Re6 44. Rxe2 Rxe2 45. Rxc6 Kd7 46. Rg6 Rhe8
47. h5 R2e6 48. Rxe6 Kxe6 49. Kg4 Rg8+ 50. Kh3 Kf5 51. Nh2 Bf2 52. Nf1 Kg5 53.
g4 Kf4 54. Kg2 Bc5 55. Nh2 Bxa3 56. Kf2 Bc5+ 57. Ke2 Ra8 58. Nf3 Kxg4 59. h6
Re8+ 0-1